000 00623nam a2200181Ia 4500
003 OSt
005 20250909123800.0
008 220930b |||||||| |||| 00| 0 eng d
037 _cReference Collections
040 _aCRL
_cCRL
_beng
041 _2eng
_aeng
100 _aSawoniak Henryk Au.
_9576122
245 0 _aInternational bibliography of bioliographies in library and inforamation sciece and related fields
260 _aMunchen
_bK.G.Gaur
_c1999
650 _aLIBRARY SCIENCE
_9820650
942 _h2aN9, N9.1-.3(RR)
_cref
_2CC
_n0
999 _c925586
_d925586